000 00624nam a2200217Ii 4500
003 JO-AjNU
008 230606s9999||||xx |||||||||||||| ||und||
020 _a978-1-5264-6892-5
040 _aJO-AjNU
_beng
_erda
_cJO-AjNU
041 _aeng
050 1 4 _aQA76.9.2019
100 3 _aKirk, Andy ,
_eauthor
_96571
245 0 0 _aData Visualisation: A Handbook for Data Driven Design
250 _a2ed
264 3 1 _aLondon: SAGE, 2019
300 _a312p
336 _atext
_btxt
_2rdacontent
337 _aunmediated
_bn
_2rdamedia
338 _avolume
_bnc
_2rdacarrier
650 4 _aInformation visualizarion-handbooks
_96572
999 _aE3410
_c3406
_d3406